| 000 | 00597nam a22002057a 4500 | ||
|---|---|---|---|
| 003 | BUBTL | ||
| 008 | 171005b xxu||||| |||| 00| 0 eng d | ||
| 020 | _a9788131716830 | ||
| 082 | _a658.848/K8487m/ 2009 | ||
| 100 |
_952 _aKotler, Philip |
||
| 245 |
_aMarketing Management: _bA South Asian Perspective _cKotler,Philip |
||
| 250 | _a13th | ||
| 260 |
_aNew Delhi _bPearson _cc2009 |
||
| 300 |
_a[xivii], 647p. : _bill, Table, Graph ; 28cm. |
||
| 500 | _aIncludes Index. | ||
| 700 |
_952 _a Philip Kotler |
||
| 856 |
_k0 _l0 _yDownload |
||
| 942 |
_2ddc _cBK |
||
| 999 |
_c5518 _d5518 |
||